มุมมองปกติ
มุมมองแบบ MARC
- สมิต อาชวนิจกุล
รายการ Personal Name
001 - CONTROL NUMBER
- control field: 61738
003 - CONTROL NUMBER IDENTIFIER
- control field: NALT
005 - DATE AND TIME OF LATEST TRANSACTION
- control field: 20230926160422.0
008 - FIXED-LENGTH DATA ELEMENTS
- fixed length control field: 230926|| aca||aabn | a|a d
040 ## - CATALOGING SOURCE
- Original cataloging agency: NALT
100 0# - HEADING--PERSONAL NAME
- Personal name: สมิต อาชวนิจกุล
